Welcome to CU Library Online Public Access Catalogue (OPAC)

Business ethics: (Record no. 8511)

MARC details
000 -LEADER
fixed length control field 00371nam a2200157 4500
005 - DATE AND TIME OF LATEST TRANSACTION
control field 20251209122031.0
008 - FIXED-LENGTH DATA ELEMENTS--GENERAL INFORMATION
fixed length control field cuc123
020 ## - INTERNATIONAL STANDARD BOOK NUMBER
International Standard Book Number 9780071101318
050 ## - LIBRARY OF CONGRESS CALL NUMBER
Classification number HF5387 GHI
Item number 1
100 ## - MAIN ENTRY--PERSONAL NAME
Personal name GHILLYER, Andrew
245 ## - TITLE STATEMENT
Title Business ethics:
Remainder of title a real world approach
260 ## - PUBLICATION, DISTRIBUTION, ETC.
Place of publication, distribution, etc. Boston
Name of publisher, distributor, etc. McGraw- Hill
Date of publication, distribution, etc. 2008
300 ## - PHYSICAL DESCRIPTION
Extent xx,287p
500 ## - GENERAL NOTE
General note index,pic.
942 ## - ADDED ENTRY ELEMENTS (KOHA)
Source of classification or shelving scheme Library of Congress Classification
Koha item type Books
Suppress in OPAC No
999 ## -
-- 8511
-- 8511
Holdings
Withdrawn status Lost status Source of classification or shelving scheme Damaged status Not for loan Collection Home library Current library Shelving location Date acquired Total checkouts Full call number Barcode Date last seen Copy number Price effective from Koha item type Public note
    Library of Congress Classification       Graduate Library (Christ Temple) Graduate Library (Christ Temple) General stacks 12/10/2025   HF 5387 gsct00001925 12/10/2025 4 12/10/2025 Books  
    Library of Congress Classification       Graduate Library (Christ Temple) Graduate Library (Christ Temple) General stacks 12/10/2025   HF 5387 gsct00001926 12/10/2025 5 12/10/2025 Books  
    Dewey Decimal Classification     Non-fiction Undergraduate Library (Christ Temple) Undergraduate Library (Christ Temple) General stacks 12/10/2025   HF 5387 GHI GSCT00001916 12/10/2025 1 12/10/2025 Books EAQ
    Dewey Decimal Classification     Non-fiction Undergraduate Library (Christ Temple) Undergraduate Library (Christ Temple) General stacks 12/10/2025   HF 5387 GHI GSCT00001917 12/10/2025 2 12/10/2025 Books EAQ
    Dewey Decimal Classification     Non-fiction Undergraduate Library (Christ Temple) Undergraduate Library (Christ Temple) General stacks 12/10/2025   HF 5387 GHI GSCT00001918 12/10/2025 3 12/10/2025 Books EAQ
© 2023-2024 Copyright: Central University Libraries. All Rights Reserved | Created by: Mahone Tech Office